000 00559nam a2200229Ia 4500
003 OSt
005 20221005132844.0
006 a|||||r|||| 00| 0
007 ta
008 221004b |||||||| |||| 00| 0 kan d
024 _a61200
037 _cTextual
040 _aCRL
_cCRL
_bkan
041 _2kan
_akan
082 _aO33,3NRA8,2, J3
100 _aRamrao Au.
_9629316
245 0 _aVana mandira
260 _c1953
650 _aKANNAD FICTION
942 _hO33,3NRA8,2, J3
_cTEXL
_2cc
999 _c1065038
_d1065038